Everyday Cryptography Fundamental Principles and Applications/ (Record no. 206825)

MARC details
000 -LEADER
fixed length control field 00609nam a22001937a 4500
005 - DATE AND TIME OF LATEST TRANSACTION
control field 20241105160447.0
010 ## - LCCN (DPL NO)
LC control number ENG-142507
020 ## - INTERNATIONAL STANDARD BOOK NUMBER
International Standard Book Number 978019880075
Terms of availability 505.00
035 ## - SYSTEM CONTROL NUMBER
System control number EN-126039
037 ## - SOURCE OF ACQUISITION
Source of stock number/acquisition DBAD
082 ## - DEWEY DECIMAL CLASSIFICATION NUMBER
Classification number 005.82
100 ## - MAIN ENTRY--PERSONAL NAME
Personal name Martin,Keith M.
245 ## - TITLE STATEMENT
Title Everyday Cryptography Fundamental Principles and Applications/
Remainder of title Keith M. Martin
250 ## - EDITION STATEMENT
Edition statement First
260 ## - PUBLICATION, DISTRIBUTION, ETC. (IMPRINT)
Place of publication, distribution, etc New Delhi
Name of publisher, distributor, etc Oxford University Press Inc.
Date of publication, distribution, etc 2012
270 ## - ADDRESS
Address YMCA Library Buildings, 1 Jai Singh Road
City New York
Postal code 110001
300 ## - PHYSICAL DESCRIPTION
Extent 530p.
Dimensions 23(pbk)
942 ## - ADDED ENTRY ELEMENTS (KOHA)
Source of classification or shelving scheme Dewey Decimal Classification
Item type English Books
Classification part 005.82
Call number suffix MAR
Edition 2012
Holdings
Withdrawn status Lost status Not for loan Collection code Home library Current library Date acquired Source of acquisition Cost, normal purchase price Full call number Barcode Copy number Cost, replacement price Koha item type
      Non-fiction Bawana Bawana 28/10/2024 DBAD 505.00 005.82 MAR EN-126039 1 505.00 English Books

© Delhi Public Library
Hit Counter
free hit counter